000 00295nam a22001337a 4500
008 170221b xxu||||| |||| 00| 0 eng d
020 _a9780023710810
041 _aeng
080 _2 ED
_a615
100 _a5
101 _aSHF
245 _aDRUGS AND THE HUMAN BODY
_cK.LISKA
942 _2udc
_cBK
999 _c5908
_d5908